Sports Quiz

Random Sports Quiz
Score 0/10 Timer 03:00
0 Plays Today
Year Player % Correct
1917Ty Cobb
94.2%
1915Ty Cobb
94.2%
1911Ty Cobb
94.2%
1910Ty Cobb
94.2%
2001Ichiro Suzuki
82.6%
1908Honus Wagner
76.8%
2015Dee Gordon
70.6%
2014Jose Altuve
69.6%
1914Benny Kauff
18.8%
1946Snuffy Stirnweiss
13%
Remove Ads.
Support Sporcle.
Get the best of Sporcle when you Go Orange. This ad-free experience offers more features, more stats, and more fun while also helping to support Sporcle. Thank you for becoming a member.

You're not logged in!

Compare scores with friends on all Sporcle quizzes.
OR
Log In

Show Comments

Extras

Created Dec 22, 2014ReportNominate
Tags:Stolen Bases

Top Quizzes Today


Score Distribution

Your Account Isn't Verified!

In order to create a playlist on Sporcle, you need to verify the email address you used during registration. Go to your Sporcle Settings to finish the process.

Report this User

Report this user for behavior that violates our Community Guidelines.

Details: